Hodnotenie výkonnosti podniku prostredníctvom moderných metód finančnej analýzy bakalárska práca

Saved in:
Bibliographic Details
Main Author: Majstrenková, Viktória
Corporate Author: Podnikovohospodárska fakulta EU so sídlom v Košiciach. Katedra ekonómie
Other Authors: Sotáková, Kamila, 1996-
Format: Book
Language:Slovak
Published: Košice 2022
Tags: Add Tag
No Tags, Be the first to tag this record!

MARC

LEADER 00000nbm a2200000 4500
001 0286521
005 20240827092344.4
041 0 |a slo 
044 |a SK 
245 1 0 |a Hodnotenie výkonnosti podniku prostredníctvom moderných metód finančnej analýzy  |b bakalárska práca  |c Viktória Majstrenková ; školiteľ: Kamila Sotáková 
264 1 |a Košice  |c 2022 
300 |a 55 s. 
100 1 |a Majstrenková, Viktória 
700 1 |a Sotáková, Kamila, 1996- 
710 2 |a Podnikovohospodárska fakulta EU so sídlom v Košiciach. Katedra ekonómie